[Event "Oberliga Nord O9596"]
[Site "Germany"]
[Date "1995.??.??"]
[Round "?"]
[White "Bruchmann, Stephan"]
[Black "Goebel, Wolfgang"]
[Result "1-0"]
[WhiteElo "2195"]
[BlackElo "2220"]

1.e4 g6 2.Nc3 Bg7 3.d4 d6 4.Be3 c6 5.Qd2 Qa5 6.Nge2 b5 7.Nc1 b4 8.Nd1 Nd7
9.a3 Rb8 10.Nb3 Qb6 11.axb4 Ngf6 12.f3 O-O 13.Be2 d5 14.e5 Ne8 15.O-O Nc7
16.c3 Nb5 17.Nf2 e6 18.Bh6 f5 19.Kh1 Rf7 20.Nh3 Nf8 21.Nc5 Qd8 22.Bg5 Qb6
23.Bd3 Ra8 24.Ra5 Rb8 25.Rfa1 Kh8 26.Qf2 Ra8 27.Qh4 a6 28.Bd8 Qa7 29.Ng5  1-0

[Event "Oberliga Ost A9495"]
[Site "Germany"]
[Date "1995.??.??"]
[Round "?"]
[White "Birke, Andreas"]
[Black "Hackel, Mario"]
[Result "1/2-1/2"]
[WhiteElo "2255"]
[BlackElo "2340"]

1.e4 g6 2.d4 Bg7 3.Nc3 d6 4.Be3 c6 5.Qd2 b5 6.a3 Nd7 7.Nf3 Nb6 8.d5 Bb7 9.dxc6 Bxc6
10.Nd4 Bd7 11.Ndxb5 Nf6 12.f3 a6 13.Nd4 Qc7 14.Bd3 Nc4 15.Bxc4 Qxc4 16.Qd3 Rc8
17.O-O O-O 18.Rfd1 Rc7 19.Rab1 Rb8 20.g4 h6 21.h4 Be6 22.Qxc4 Bxc4 23.Kf2 Nd7
24.Nde2 Bxe2 25.Kxe2 Kh7 26.g5 h5 27.f4 Rc4 28.e5 Nf8 29.Kd3 Rbc8 30.Nd5 dxe5
31.c3 Ra4 32.Nxe7 Rd8+ 33.Ke2 Rxd1 34.Rxd1 exf4 35.Bc5 Ne6 36.Bb4 a5 37.b3 axb4
38.bxa4 bxc3 39.a5 Nc5 40.Nd5 Nb3 41.Nxc3 Bxc3 42.a6 Bd4 43.Rb1 Na5 44.Rb5 Nc6
45.Kf3 Be3 46.Rb7 Kg7 47.a4 Kf8  1/2-1/2

[Event "BL2-W9495"]
[Site "Germany"]
[Date "1995.??.??"]
[Round "?"]
[White "Emms, John M"]
[Black "Belov, Igor"]
[Result "1-0"]
[WhiteElo "2535"]
[BlackElo "2430"]

1.e4 d6 2.d4 g6 3.Nc3 Bg7 4.Nf3 Nf6 5.Be3 c6 6.Qd2 Bg4 7.Be2 O-O 8.h3 Bxf3
9.Bxf3 Nbd7 10.O-O Re8 11.Rfd1 Qc7 12.a4 a5 13.Qe2 e5 14.d5 cxd5 15.Nxd5 Nxd5
16.Rxd5 Ra6 17.Rb5 Rc6 18.c3 h5 19.Qd3 b6 20.Rd1 Bf8 21.Be2 Nc5 22.Qc2 Rb8
23.Bc4 Qe7 24.Bd5 Rc7 25.b4 axb4 26.cxb4 Ne6 27.Qd2 Rbc8 28.Bxe6 fxe6 29.Rxb6 Rc2
30.Qxd6 Qxd6 31.Rbxd6 Bxd6 32.Rxd6 R8c4 33.a5 Rxb4 34.a6 Ra2 35.a7 Rba4 36.Rxe6 Kf7
37.Rxe5 Rc4 38.h4 Rc3 39.Rb5 Ra1+ 40.Kh2 Ke6 41.Rb6+ Kf7 42.Rb7+ Ke6 43.Rg7 Rxe3
44.fxe3 Kf6 45.Rb7 Ra3 46.Kg3 Rxe3+ 47.Kf4 Ra3 48.e5+ Ke6 49.Kg5 Kxe5 50.Kxg6 Kf4
51.Kxh5 Ra5+ 52.Kg6 Ra6+ 53.Kf7 Kg4 54.Ke7  1-0

[Event "BL9495 (Women)"]
[Site "Germany"]
[Date "1995.??.??"]
[Round "202"]
[White "Nowicki, Eva"]
[Black "Janus, Elfi"]
[Result "1/2-1/2"]
[WhiteElo "2125"]
[BlackElo "2105"]

1.e4 g6 2.d4 Bg7 3.Nc3 d6 4.f4 c6 5.Nf3 Bg4 6.Be2 Qb6 7.e5 dxe5 8.dxe5 Nh6
9.Qd4 O-O 10.Qxb6 axb6 11.Be3 b5 12.Bc5 Re8 13.O-O Na6 14.Bf2 Nb4 15.a3 Nxc2
16.Rac1 b4 17.Rxc2 bxc3 18.Rxc3 Ra4 19.g3 f6 20.Bd1 Raa8 21.exf6 exf6 22.Kg2 Be6
23.Bb3 Bxb3 24.Rxb3 Re7 25.Bc5 Rd7 26.Re1 Bf8 27.Bd4 Kf7 28.Bb6 Re8 29.Rxe8 Kxe8
30.Re3+ Kf7 31.Nd4 Be7 32.Nb3 Nf5 33.Re2 Rd5 34.Bf2 h5 35.Rd2 Rb5 36.Nd4 Nxd4
37.Bxd4  1/2-1/2

[Event "Oberliga Ost A9495"]
[Site "Germany"]
[Date "1995.??.??"]
[Round "?"]
[White "Wegener, Dirk"]
[Black "Hackel, Mario"]
[Result "1-0"]
[WhiteElo "2325"]
[BlackElo "2340"]

1.e4 g6 2.d4 Bg7 3.Nc3 d6 4.f4 c6 5.Nf3 Bg4 6.Be3 Qb6 7.Qd2 Bxf3 8.gxf3 Nd7
9.O-O-O Qa5 10.Kb1 b5 11.f5 Nb6 12.Bd3 Rb8 13.Qg2 Nf6 14.h4 Nh5 15.Ne2 b4
16.Ng3 Nxg3 17.Qxg3 Na4 18.Bc4 Nxb2 19.Kxb2 Qa3+ 20.Kb1 Qxe3 21.fxg6 hxg6
22.Rd3 Qh6 23.f4 Rd8 24.Bb3 Qh5 25.f5 Bf6 26.e5 Bxh4 27.Qg2 d5 28.Ba4 Qxf5
29.Bxc6+ Kf8 30.Bxd5 Qd7 31.Bb3 Rh5 32.e6 Qd6 33.exf7 Qf6 34.Qg4 Rh8 35.Rf3 Qxd4
36.Qxg6 Rd5 37.Bxd5 Qxd5 38.Qd3 Qxd3 39.Rxd3 Bf6 40.Rxh8+ Bxh8 41.Rd8+  1-0

[Event "Oberliga Ost A9495"]
[Site "Germany"]
[Date "1995.??.??"]
[Round "?"]
[White "Wegener, Dirk"]
[Black "Mueller, Klaus Uwe"]
[Result "0-1"]
[WhiteElo "2325"]
[BlackElo "2345"]

1.e4 g6 2.d4 Bg7 3.Nc3 d6 4.f4 Nf6 5.Nf3 O-O 6.Be3 c6 7.Bd3 b5 8.a3 Nbd7
9.O-O e5 10.h3 exd4 11.Bxd4 a6 12.Re1 Re8 13.g4 c5 14.Bf2 Bb7 15.Nd2 Qc7
16.Rb1 Re7 17.Qf3 Rae8 18.g5 Nh5 19.Nd5 Bxd5 20.exd5 Rxe1+ 21.Bxe1 Bxb2 22.Bf2 Bg7
23.c4 bxc4 24.Nxc4 f6 25.f5 fxg5 26.fxg6 Nf4 27.gxh7+ Kh8 28.Rb7 Qxb7 29.Nxd6 Ne5
30.Qe4 Qd7 31.Nxe8 Qxe8 32.Bf1 Qd7 33.Bxc5 Nxh3+ 34.Bxh3 Qxh3 35.d6 Nd7 36.Be3 Bf6
37.Bf2 Be5 38.Bd4 Qh2+ 39.Kf1 Qf4+ 40.Qxf4 gxf4 41.Bxe5+ Nxe5 42.Kg2 Kxh7
43.d7 Nxd7 44.Kf3 Kg6 45.Kxf4  0-1

[Event "BL2-W9495"]
[Site "Germany"]
[Date "1995.??.??"]
[Round "?"]
[White "Kengis, Edvins"]
[Black "Belov, Igor"]
[Result "1/2-1/2"]
[WhiteElo "2580"]
[BlackElo "2430"]

1.e4 d6 2.d4 g6 3.Nc3 Bg7 4.Be2 Nf6 5.Nf3 O-O 6.O-O c5 7.d5 Na6 8.h3 Nc7
9.a4 b6 10.Re1 Bb7 11.Bf4 a6 12.Qd2 Re8 13.Rad1 Qd7 14.Qd3 Rad8 15.Bf1 e6
16.dxe6 Nxe6 17.Bxd6 Nd4 18.Be5 Qe7 19.Bxd4 cxd4 20.Nd5 Nxd5 21.exd5 Qd7
22.Nxd4 Rxe1 23.Rxe1 Qxd5 24.c3 Qd7 25.b3 h5 26.Re3 Bf6 27.Qc4 Kg7 28.Qe2 Bxd4
29.cxd4  1/2-1/2

[Event "Mittelfranken-ch"]
[Site "Germany"]
[Date "1995.??.??"]
[Round "2"]
[White "Kraft, Volker"]
[Black "Fischer, G."]
[Result "1-0"]
[WhiteElo "2315"]
[BlackElo "2085"]

1.e4 g6 2.d4 Bg7 3.Nc3 d6 4.Be3 Nf6 5.h3 c6 6.g4 h6 7.Bg2 Na6 8.f4 Nc7 9.Nge2 e6
10.Qd2 Qe7 11.O-O-O Bd7 12.e5 Nfd5 13.exd6 Qxd6 14.Ne4 Qe7 15.Bf2 O-O-O 16.c4 Nb6
17.Qc2 f5 18.Nc5 g5 19.Qb3 Ne8 20.gxf5 exf5 21.Rhe1 Qf7 22.d5 Nd6 23.Nxd7 Nbxc4
24.Ne5 Bxe5 25.fxe5 Nxe5 26.Nd4 Ne4 27.Bg1 cxd5 28.Nb5 a6 29.Nc3 Nc4 30.Rxd5 Rxd5
31.Qxc4+  1-0

[Event "Mittelfranken-ch"]
[Site "Germany"]
[Date "1995.??.??"]
[Round "4"]
[White "Junker, R."]
[Black "Ahmels, Christian"]
[Result "1/2-1/2"]
[WhiteElo "2120"]
[BlackElo "2095"]

1.e4 d6 2.d4 g6 3.Nc3 Bg7 4.Bc4 Nf6 5.Qe2 e5 6.dxe5 dxe5 7.Nf3 Qe7 8.Bg5 c6
9.Rd1 O-O 10.O-O Nbd7 11.a4 h6 12.Bh4 g5 13.Nxg5 hxg5 14.Bxg5 Nb6 15.Bb3 Be6
16.Rd3 Bxb3 17.cxb3 Rfd8 18.Rg3 Kf8 19.Qe3 Rd6 20.Bh4 Qe6 21.Qg5 Bh8 22.f4 Re8
23.fxe5 Qxe5 24.Rf5 Qd4+ 25.Kf1 Qd2 26.Qxd2 Rxd2 27.Bxf6 Bxf6 28.Rxf6 Rxb2
29.Rgf3 Re7 30.Ne2 Nd7 31.R6f5 Rxe4 32.Rxf7+ Ke8 33.Nc3 Rg4 34.Rh7 Rgxg2
35.Re3+ Kd8 36.Rd3 Rxh2 37.Rdxd7+ Kc8 38.Rxh2 Rxh2 39.Rd3 Rb2 40.Nd1 Rh2
41.Nf2 b5 42.axb5 cxb5 43.Rh3 Rxh3 44.Nxh3 a5  1/2-1/2

[Event "Mittelfranken-ch"]
[Site "Germany"]
[Date "1995.??.??"]
[Round "4"]
[White "Nickmann, P."]
[Black "Hirn, Oskar"]
[Result "0-1"]
[WhiteElo "1940"]
[BlackElo "2195"]

1.e4 g6 2.d4 Bg7 3.Nc3 d6 4.Be3 Nf6 5.f3 c6 6.Qd2 O-O 7.Bh6 e5 8.Bxg7 Kxg7
9.h4 Be6 10.g4 exd4 11.Nce2 c5 12.h5 Qe7 13.hxg6 fxg6 14.Qh6+ Kg8 15.Nf4 Bf7
16.O-O-O Nc6 17.Ngh3 Ne5 18.Ng5 Bxa2 19.b3 d3 20.Bxd3 b5 21.Bxb5 Rab8 22.Nxg6 Nxg6
23.Bc4+ d5 24.exd5 Qe3+ 25.Kb2 Bxb3 26.cxb3 Rxb3+ 27.Bxb3 Rb8 28.Qh2 Rxb3+
29.Ka2 Ra3+ 30.Kb1 Qc3 31.Qb8+ Nf8  0-1

[Event "Mittelfranken-ch"]
[Site "Germany"]
[Date "1995.??.??"]
[Round "6"]
[White "Kraft, Volker"]
[Black "Ahmels, Christian"]
[Result "1/2-1/2"]
[WhiteElo "2315"]
[BlackElo "2095"]

1.e4 d6 2.d4 g6 3.Nc3 Bg7 4.Be3 Nd7 5.Bc4 Ngf6 6.f3 c6 7.Qd2 O-O 8.Bb3 b5
9.Bh6 Nb6 10.h4 Nc4 11.Bxc4 bxc4 12.h5 e5 13.Bxg7 Kxg7 14.hxg6 fxg6 15.O-O-O Qa5
16.dxe5 dxe5 17.Qh6+ Kg8 18.Nh3 Rb8 19.Ng5 Rb7 20.Rd2 Qb4 21.Nd1 a5 22.c3 Qc5
23.g3 a4 24.a3 Rg7 25.Nf2 Qe7 26.Rhd1 Nh5 27.g4 Nf4 28.Kb1 Ne6 29.Nfh3 Nc5
30.Nf2 Ne6 31.Nfh3 Nc5 32.Nf2 Ne6 33.Nfh3  1/2-1/2

[Event "Landesliga S9495 Bayern"]
[Site "Germany"]
[Date "1995.??.??"]
[Round "6"]
[White "Sirch, Franz"]
[Black "Benischek, Wolfgang"]
[Result "1-0"]
[WhiteElo "2085"]
[BlackElo "2035"]

1.e4 g6 2.d4 Bg7 3.Nc3 d6 4.Bg5 Nf6 5.e5 Nfd7 6.Nf3 O-O 7.exd6 cxd6 8.Qd2 Nf6
9.O-O-O Bg4 10.Be2 Qa5 11.Kb1 Nc6 12.h3 Bd7 13.Bh6 Rfc8 14.Bxg7 Kxg7 15.Nh2 Bf5
16.Bg4 Nb4 17.Bxf5 Qxf5 18.g4 Qd7 19.Nf1 a5 20.Ng3 d5 21.h4 Qxg4 22.h5 Kh8
23.hxg6 fxg6 24.a3 Qd7 25.f4 b5 26.f5 Rg8 27.Rdf1 Na6 28.Qh6 Nh5 29.Nxh5 gxh5
30.Rxh5 Rg7 31.f6 exf6 32.Qxf6 Nc7 33.Rg5 Rg8 34.Rfg1 b4 35.Rxg7 Rxg7 36.Qf8+  1-0

[Event "Goch op 6th"]
[Site "Goch"]
[Date "1995.??.??"]
[Round "7"]
[White "Eckert, Egon"]
[Black "Polzin, Rainer"]
[Result "0-1"]
[WhiteElo "2085"]
[BlackElo "2410"]

1.e4 g6 2.d4 Bg7 3.Nc3 d6 4.f4 a6 5.Nf3 Nd7 6.Be3 b5 7.a3 Bb7 8.Rb1 Ngf6
9.e5 Nd5 10.Nxd5 Bxd5 11.Be2 O-O 12.O-O Qc8 13.Rf2 Qb7 14.Bd3 c5 15.c3 cxd4
16.cxd4 Rac8 17.Rc1 Nb6 18.b3 Rfd8 19.Ne1 e6 20.Rxc8 Rxc8 21.Rc2 f6 22.Rxc8+ Nxc8
23.exf6 Bxf6 24.Bc2 Ne7 25.Nf3 Bxf3 26.gxf3 Nd5 27.Bd2 Qb6 28.Qe2 Qxd4+ 29.Kg2 Kf7
30.Be4 Bd8 31.Qd3 Qxd3 32.Bxd3 Bb6 33.Be4 Nc7 34.Bb7 Ke7 35.Kg3 a5 36.Kg4 h6
37.h4 Ne8 38.Bc6 Nf6+ 39.Kg3 b4 40.axb4 axb4 41.Bxb4 Be3 42.Ba5 Nh5+ 43.Kg4 Nxf4
44.Bc3 h5+  0-1

[Event "Groningen op"]
[Site "Groningen"]
[Date "1995.??.??"]
[Round "?"]
[White "Berelovich, Aleksandar"]
[Black "Kupreichik, Viktor D"]
[Result "1-0"]
[WhiteElo "2455"]
[BlackElo "2525"]

1.e4 g6 2.d4 Bg7 3.Nc3 d6 4.f4 a6 5.Nf3 b5 6.a3 Nd7 7.Be2 c5 8.O-O cxd4 9.Nxd4 Bb7
10.Bf3 Ngf6 11.Kh1 O-O 12.e5 Bxf3 13.Qxf3 dxe5 14.Nc6 Qc7 15.Nxe7+ Kh8 16.Qc6 Qa7
17.Qd6 e4 18.a4 Rfe8 19.Nc6 Qb6 20.axb5 axb5 21.Rxa8 Rxa8 22.Ne5 b4 23.Nxe4 Qb5
24.Nxf7+ Kg8 25.Re1 Ra6 26.Nxf6+ Bxf6 27.Nh6+ Kg7 28.Qd2 Kxh6 29.f5+ g5 30.h4 Qxf5
31.Qe2 Rc6 32.Rf1 Rxc2 33.hxg5+ Kg6 34.Qe8+ Kg7 35.gxf6+ Nxf6 36.Qe7+ Kg6
37.Rxf5 Rxc1+ 38.Kh2 Kxf5 39.Qxb4 h5 40.Qa5+ Kg6 41.Qd2 Ra1 42.b4 Ra3 43.Qc2+ Kf7
44.Qb1 Ra6 45.b5 Rb6 46.Qf5 Rd6 47.Qc5 Ke6 48.Kh3 Rd3+ 49.Kh4 Rd5 50.Qc8+ Kd6
51.Qc6+ Ke5 52.b6 Rd4+ 53.Kh3 Rd3+ 54.g3 Ne4 55.b7 Rxg3+ 56.Kh4 Rg8 57.Qc7+  1-0

[Event "Groningen op"]
[Site "Groningen"]
[Date "1995.??.??"]
[Round "?"]
[White "Skripchenko, Almira"]
[Black "Lanchava, Tea"]
[Result "0-1"]
[WhiteElo "2400"]
[BlackElo "2200"]

1.e4 d6 2.d4 g6 3.Nc3 Bg7 4.Bg5 Nd7 5.Qd2 c6 6.f4 Qb6 7.O-O-O Qa5 8.Nf3 b5
9.Kb1 b4 10.Ne2 Ngf6 11.Ng3 Rb8 12.Qe1 O-O 13.Bd3 Nb6 14.f5 Na4 15.Nd2 c5
16.Nc4 Qc7 17.Bxf6 Bxf6 18.e5 dxe5 19.dxe5 Bg7 20.Rf1 Ba6 21.f6 exf6 22.exf6 Rfe8
23.Ne4 Bf8 24.Qg3 Qxg3 25.Nxg3 Re6 26.Nd2 Nc3+ 27.bxc3 bxc3+ 28.Nb3 c4 29.Rf3 cxd3
30.cxd3 Bb7 31.Rf2 a5 32.Kc2 a4 33.Nd4 Rb6 34.Rf4 Bxg2 35.Nde2 Rb2+ 36.Kxc3 a3
37.Nc1 Bd6 38.Ra4 Rc8+ 39.Rc4 Be5+ 40.d4 Rxc4+ 41.Kxc4 Bxf6 42.d5 Kf8 43.d6 Ke8
44.Nd3 Rxa2 45.Re1+ Kd8 46.Ne5 Bxe5 47.Rxe5 Kd7 48.Kb3 Kxd6  0-1

[Event "Wch U18"]
[Site "Guarapuava"]
[Date "1995.??.??"]
[Round "3"]
[White "Dumitrescu, Dragos"]
[Black "Krstevski, Sasko"]
[Result "1/2-1/2"]
[WhiteElo "2375"]
[BlackElo "2220"]

1.d4 g6 2.e4 Bg7 3.Nc3 d6 4.Nf3 Nf6 5.Bc4 O-O 6.Qe2 c6 7.e5 Nd5 8.Bd2 a5
9.O-O Nxc3 10.Bxc3 b5 11.Bd3 b4 12.Bd2 Ba6 13.a3 Bxd3 14.Qxd3 Na6 15.Rfe1 Qc7
16.e6 f6 17.Nh4 f5 18.Nf3 c5 19.c3 Qb6 20.h4 h5 21.d5 Nc7 22.Rab1 Ne8 23.Ng5 Nf6
24.c4 Ng4  1/2-1/2

[Event "Wch U18 Girls"]
[Site "Guarapuava"]
[Date "1995.??.??"]
[Round "10"]
[White "Peptan, Corina"]
[Black "Apkhaidze, Natia"]
[Result "1-0"]
[WhiteElo "2340"]
[BlackElo "2090"]

1.e4 g6 2.d4 Bg7 3.Nc3 d6 4.Nf3 Nf6 5.Bc4 O-O 6.Qe2 c6 7.O-O d5 8.Bb3 b6
9.Rd1 Ba6 10.Qe1 e6 11.h3 Qc7 12.a4 dxe4 13.Nxe4 Nbd7 14.Nxf6+ Bxf6 15.Bh6 Rfe8
16.c3 c5 17.Qe3 c4 18.Bc2 e5 19.dxe5 Nxe5 20.Qf4 Nxf3+ 21.Qxf3 Be5 22.Be4 Rad8
23.Bc6 Rxd1+ 24.Rxd1 Rd8 25.Re1 f6 26.Qe4 Qf7 27.f4 Bd6 28.Be8 Bc5+ 29.Kh2 Qd5
30.Bxg6 Qxe4 31.Bxe4 Bc8 32.f5 Bd6+ 33.g3 Be5 34.Re2 Kf7 35.Rd2 Ke7 36.Rxd8 Kxd8
37.Be3 Kc7 38.a5 Bb7 39.axb6+ axb6 40.Bxb7 Kxb7 41.Kg2 Kc6 42.Kf3 b5 43.Bf4 Bxf4
44.Kxf4  1-0

[Event "Gyongyos op "]
[Site "Gyongyos"]
[Date "1995.??.??"]
[Round "?"]
[White "Vujosevic, Vladimir"]
[Black "Gorda, Ferenc"]
[Result "1-0"]
[WhiteElo "2345"]
[BlackElo "2120"]

1.e4 g6 2.d4 Bg7 3.Nc3 d6 4.Be3 Nf6 5.f3 O-O 6.Qd2 e5 7.Nge2 exd4 8.Nxd4 Nc6
9.O-O-O Nxd4 10.Bxd4 Be6 11.Be3 Re8 12.Bg5 Qb8 13.g4 a5 14.h4 Nd7 15.h5 Ne5
16.Be2 b5 17.hxg6 b4 18.gxh7+ Kh8 19.Bh6 Ng6 20.Bxg7+ Kxg7 21.Nb5 Bxa2 22.Qd4+ Re5
23.h8=Q+ Nxh8 24.f4 c5 25.Qe3 Re7 26.f5  1-0

[Event "Gyongyos op "]
[Site "Gyongyos"]
[Date "1995.??.??"]
[Round "?"]
[White "Neverov, Anatoly"]
[Black "Gorda, Ferenc"]
[Result "1-0"]
[WhiteElo "2440"]
[BlackElo "2120"]

1.e4 g6 2.d4 Bg7 3.Nc3 d6 4.f4 Nf6 5.Nf3 O-O 6.e5 dxe5 7.dxe5 Qxd1+ 8.Kxd1 Rd8+
9.Ke1 Ne8 10.Be3 Nc6 11.Bc4 Bf5 12.Rc1 Na5 13.Be2 Be6 14.Nd4 Bc4 15.Bf3 Ba6
16.b3 e6 17.Kf2 Bf8 18.h4 Bb4 19.Ne4 c5 20.Ne2 c4 21.h5 cxb3 22.hxg6 fxg6
23.axb3 Rd7 24.Nd4 Rc8 25.Bg4 Rxd4 26.Bxe6+ Kg7 27.Bxd4 Nc6 28.Bxc8 Nxd4
29.c3  1-0

[Event "Gyongyos op "]
[Site "Gyongyos"]
[Date "1995.??.??"]
[Round "?"]
[White "Szekeres, Sandor"]
[Black "Richter, Juergen"]
[Result "0-1"]
[WhiteElo "2195"]
[BlackElo "2030"]

1.e4 d6 2.d4 g6 3.Nc3 Bg7 4.Be2 Nf6 5.h4 h5 6.Nh3 Bxh3 7.Rxh3 Nbd7 8.Be3 c6
9.f4 Nb6 10.g4 Nxg4 11.Bxg4 hxg4 12.Qxg4 Qd7 13.Qf3 O-O-O 14.O-O-O Nc4 15.Bf2 Bh6
16.Ne2 Bg7 17.Rhh1 Rh5 18.Qd3 Nb6 19.Kb1 Rdh8 20.Rhg1 Bf6 21.Ng3 Rxh4 22.e5 Bg7
23.Qa3 Rxf4 24.Qxa7 Kc7 25.Qa5 Rxf2 26.Ne4 Ra8 27.Qb4 Rf4 28.Qe1 Qf5 29.Nc3 dxe5
30.d5  0-1

[Event "Haarlem op"]
[Site "Haarlem"]
[Date "1995.??.??"]
[Round "4"]
[White "Van Blitterswijk, Stefan"]
[Black "Delemarre, Jop"]
[Result "1-0"]
[WhiteElo "2250"]
[BlackElo "2235"]

1.e4 g6 2.d4 Bg7 3.Nc3 d6 4.Nf3 Nf6 5.h3 O-O 6.Bf4 c6 7.Qd2 b5 8.Bd3 Re8
9.O-O Nfd7 10.a4 b4 11.Ne2 a5 12.Bh6 Bh8 13.Ng5 c5 14.f4 cxd4 15.Bc4 e6 16.f5 Nf6
17.fxe6 fxe6 18.Nf4 Nxe4 19.Nxe4 d5 20.Bb5 dxe4 21.Bxe8 Qxe8 22.Nxg6 e3 23.Qe2 Ba6
24.Qg4 hxg6 25.Rf8+ Qxf8 26.Bxf8 Kxf8 27.Qf3+ Ke7 28.Qxa8 Be5 29.Qa7+ Kf6
30.Rf1+ Bxf1 31.Kxf1 b3 32.cxb3 Nc6 33.Qc5 Nb4 34.h4 Kf5 35.Qxa5 Nd5 36.Qb5 Nf4
37.g3 Nd5 38.Qd3+ Kf6 39.Kg2 Ne7 40.a5 Nf5 41.a6  1-0

[Event "RLP Rp-ch"]
[Site "Hachenburg"]
[Date "1995.??.??"]
[Round "?"]
[White "Lang, Torsten"]
[Black "Schiffer, Steve"]
[Result "1-0"]
[WhiteElo "2135"]
[BlackElo "2125"]

1.e4 g6 2.d4 Bg7 3.Nc3 d6 4.Bg5 c5 5.dxc5 Qa5 6.Qd2 Qxc5 7.Nd5 h6 8.Be3 Bc3
9.Qxc3 Qxc3+ 10.Nxc3 Be6 11.Nf3 Nf6 12.Nd4 Bd7 13.f3 h5 14.Bb5 Nc6 15.Nd5 Nxd5
16.exd5 Ne5 17.Bxd7+ Kxd7 18.b3 Rac8 19.Kd2 a6 20.c4 f6 21.Rhc1 g5 22.Ne6  1-0

[Event "Hajduboszormeny Knockout"]
[Site "Hajduboszormeny"]
[Date "1995.??.??"]
[Round "2"]
[White "Gemesi, Andras"]
[Black "Mester, Gyula"]
[Result "1/2-1/2"]
[WhiteElo "2195"]
[BlackElo "2340"]

1.e4 g6 2.d4 Bg7 3.Nc3 d6 4.Bg5 Nc6 5.d5 Nd4 6.Bc4 c5 7.dxc6 bxc6 8.Nge2 Qa5
9.Bd2 Qc5 10.Bb3 Nxe2 11.Qxe2 Nf6 12.O-O-O O-O 13.h4 a5 14.h5 Nxh5 15.g4 Nf6
16.g5 Nh5 17.Rxh5 gxh5 18.Qxh5 a4 19.Rh1 h6 20.Be3 Qe5 21.f4 Qa5 22.Nxa4 Be6
23.Bxe6 fxe6 24.Qg6 hxg5 25.Qh7+ Kf7 26.Qh5+ Kg8 27.Qh7+ Kf7 28.Qh5+  1/2-1/2

[Event "Hajduboszormeny Knockout"]
[Site "Hajduboszormeny"]
[Date "1995.??.??"]
[Round "3"]
[White "Medvegy, Nora"]
[Black "Mester, Gyula"]
[Result "1/2-1/2"]
[WhiteElo "2265"]
[BlackElo "2340"]

1.e4 g6 2.d4 Bg7 3.Nc3 d6 4.Be3 c6 5.h3 Nf6 6.a4 O-O 7.Nf3 Nbd7 8.a5 e5 9.dxe5 dxe5
10.Qd6 Ne8 11.Qd2 Qe7 12.Bc4 Nc5 13.O-O Nc7 14.Rfd1 Be6 15.Be2 Rad8 16.Bxc5 Qxc5
17.Qxd8 Rxd8 18.Rxd8+ Bf8 19.Rb8 Qb4 20.Rd1 Kg7 21.a6 b5 22.Rdd8 Bc5 23.g4 Qxb2
24.g5 f6 25.Rb7 Bb6 26.Rd6 Qxc3 27.Rxe6 Qc5 28.Rxc7+ Bxc7 29.gxf6+ Kh6 30.f7 Kg7
31.Ng5 Bb6 32.Rf6 Kxf6 33.f8=Q+ Qxf8 34.Nxh7+ Ke7 35.Nxf8 Kxf8 36.Kf1 Ke7
37.Bg4 Kd6 38.Ke2  1/2-1/2

[Event "Hajduboszormeny op"]
[Site "Hajduboszormeny"]
[Date "1995.??.??"]
[Round "4"]
[White "Varga, Laszlo"]
[Black "Szabo, Gergely"]
[Result "1/2-1/2"]
[WhiteElo "2185"]
[BlackElo "2035"]

1.e4 d6 2.d4 g6 3.Nc3 Bg7 4.f4 Nf6 5.e5 dxe5 6.dxe5 Qxd1+ 7.Kxd1 Ng4 8.Nd5 Kd8
9.Ke1 h5 10.Nf3 Be6 11.Nc3 f6 12.h3 Nh6 13.Be3 Nf5 14.Rd1+ Nd7 15.Bf2 c6
16.Rg1 h4 17.Ne2 Kc7 18.Ned4 Nxd4 19.Nxd4 Bd5 20.e6 Nf8 21.f5 gxf5 22.Nxf5 Nxe6
23.Bxh4 Be4 24.Bg3+ Kb6 25.Ne3 c5 26.Rd7 Rhe8 27.Bc4 Nf8 28.Rd1 Red8 29.Bd5 Bg6
30.Nc4+ Ka6 31.Kf2 e6 32.Bf3 Bxc2 33.Rd6+ Rxd6 34.Nxd6 Rd8 35.Rc1 Ba4 36.Be2+ Kb6
37.b4 e5 38.bxc5+ Kc7 39.Nf5 Bh8 40.Rc4 Bb5 41.Rh4 Rd2 42.Nd4 Bxe2 43.Nxe2 Bg7
44.Rg4 Ne6 45.h4 Kc6 46.h5 Kxc5 47.Ke1 Rd8 48.Bf2+ Kc6 49.Rc4+ Kd5 50.Ra4 a6
51.g4 Bh6 52.Nc3+ Kd6 53.Ne4+ Ke7 54.Ng3 Ng7 55.Rc4 Rd7 56.Rc8 Rd8 57.Rc4 Bd2+
58.Ke2 Bh6 59.Be3 Bxe3 60.Kxe3 Ne6 61.Rb4 b5 62.Rb1 Ng5  1/2-1/2

[Event "Wch U20"]
[Site "Halle"]
[Date "1995.??.??"]
[Round "1"]
[White "Arias, Jorge"]
[Black "Oral, Tomas"]
[Result "0-1"]
[WhiteElo "2030"]
[BlackElo "2410"]

1.e4 g6 2.d4 Bg7 3.Nc3 d6 4.Bg5 c6 5.Nge2 b5 6.a3 Nd7 7.Ng3 Ngf6 8.Bd3 O-O
9.O-O Nb6 10.h3 a6 11.Re1 Nfd7 12.Bf1 c5 13.e5 d5 14.dxc5 Nxc5 15.Be3 Nca4
16.Nxa4 bxa4 17.Rb1 e6 18.Bc5 Re8 19.Qd4 Nd7 20.Bd6 f6 21.exf6 Bxf6 22.Qxa4 Bb7
23.Qg4 Kf7 24.c4 Qb6 25.cxd5 Qxd6 26.dxe6+ Rxe6 27.Rxe6 Qxe6 28.Bc4 Bd5 29.Bxd5 Qxd5
30.Rd1 Ne5 31.Rxd5 Nxg4 32.hxg4 Bxb2 33.Ra5 Ke6 34.Ne4 Kd7 35.Rxa6 Rxa6 36.Nc5+ Kc6
37.Nxa6 Bxa3 38.Nb8+ Kc7 39.Kh2 Kxb8 40.Kg3 Bd6+ 41.Kh4 Be7+ 42.Kg3 Kc7 43.f4 Kd6
44.g5 Kd5 45.Kf3 Kd4 46.g3 Bd8  0-1

[Event "Wch U20"]
[Site "Halle"]
[Date "1995.??.??"]
[Round "3"]
[White "Kunte, Abhijit"]
[Black "Oral, Tomas"]
[Result "0-1"]
[WhiteElo "2290"]
[BlackElo "2410"]

1.e4 g6 2.d4 Bg7 3.Nc3 d6 4.Bc4 Nc6 5.Nf3 Nf6 6.h3 O-O 7.Qe2 e5 8.dxe5 dxe5
9.Bg5 h6 10.Rd1 Bd7 11.Bxf6 Bxf6 12.Qd2 Nd4 13.Nxd4 exd4 14.Ne2 Qe7 15.O-O Qxe4
16.Qxh6 Qxc2 17.Bd3 Qc5 18.Rc1 Qe5 19.Bc4 b5 20.Qxg6+ Bg7 21.Bb3 Qxe2 22.Rxc7 Be6
23.Bxe6 Qxe6 24.Qd3 Rfc8 25.Rxc8+ Rxc8 26.Qxb5 Qxa2 27.Re1 Rd8 28.Qg5 f6
29.Qg3 Qf7 30.Qd3 f5 31.Rc1 Qe6 32.Rc5 Qe1+ 33.Qf1 Qxf1+ 34.Kxf1 d3 35.Ke1 Bxb2
36.Kd2 a5 37.Rxf5 Bc3+ 38.Kd1 Re8  0-1

[Event "Wch U20 Girls"]
[Site "Halle"]
[Date "1995.??.??"]
[Round "5"]
[White "Milasiute, Vygante"]
[Black "Segal, Anna"]
[Result "0-1"]
[WhiteElo "2070"]
[BlackElo "2335"]

1.e4 g6 2.d4 Bg7 3.Nc3 d6 4.Be3 c6 5.f3 Nd7 6.Qd2 b5 7.h4 h5 8.Nge2 Nb6 9.Nf4 Nc4
10.Bxc4 bxc4 11.Kf2 e6 12.d5 cxd5 13.exd5 e5 14.Nfe2 Ne7 15.g3 Nf5 16.Ne4 Nxe3
17.Qxe3 Bh6 18.Qa3 Bf8 19.Qa4+ Bd7 20.Qxc4 Qb6+ 21.Ke1 Qxb2 22.Rb1 Be7 23.Kd2 Qa3
24.Qb3 Qa5+ 25.c3 O-O 26.Ke3 Rab8 27.Qd1 f5 28.Ng5 Qc5+ 29.Kd2 Bxg5+ 30.hxg5 Qxd5+
31.Ke1 Qxf3 32.Qxd6 Qxh1+  0-1

[Event "Wch U20"]
[Site "Halle"]
[Date "1995.??.??"]
[Round "7"]
[White "Tzoumbas, Anastasios"]
[Black "Dyachkov, Sergej"]
[Result "1/2-1/2"]
[WhiteElo "2360"]
[BlackElo "2520"]

1.e4 g6 2.d4 Bg7 3.Nc3 d6 4.Be3 Nf6 5.f3 Nbd7 6.Qd2 c6 7.g4 Qa5 8.h4 h6 9.Nh3 b5
10.g5 hxg5 11.hxg5 Nh5 12.Ne2 Qxd2+ 13.Kxd2 Nb6 14.b3 a5 15.Nf2 a4 16.Bg2 Kd8
17.f4 Kc7 18.Bf3 axb3 19.axb3 Rxa1 20.Rxa1 e5 21.dxe5 dxe5 22.f5 gxf5 23.Ra7+ Bb7
24.exf5 Nd5 25.Bc5 Nhf4 26.Ne4 Bf8 27.Bxf8 Rxf8 28.Nc5 Kb6 29.Rxb7+ Kxc5
30.Ng3 b4 31.f6 Ne6 32.Ne4+ Kd4 33.Rd7 Rh8 34.c3+ bxc3+ 35.Nxc3 Rh2+ 36.Ne2+ Kc5
37.Rxf7 Nxg5 38.Bxd5 Kxd5 39.Rf8 Ke6 40.Rc8 Kd7 41.Rf8 Rf2 42.Rg8 Ne6 43.Ke3 Rxf6
44.Rg2 Nc7 45.Ng3 Nd5+ 46.Ke4 Ke6 47.Nh5 Nc3+ 48.Ke3 Rh6 49.Rg5 Nd5+ 50.Kd2 Rh7
51.Ng3 Nf4 52.Rg8 Rh2+ 53.Ke3 Nd5+ 54.Kf3 Ne7 55.Rb8 Rc2 56.Ne4 Nf5 57.Re8+ Kd5
58.Nf6+ Kd6 59.Ne4+ Kd5 60.Nf6+ Kd4 61.Rd8+ Kc5 62.b4+ Kxb4 63.Ke4 Nd4 64.Kxe5 Re2+
65.Ne4 Nb5 66.Kf4 c5 67.Rb8 Kc4 68.Nxc5 Kxc5 69.Rc8+ Kd5 70.Ra8 Re4+ 71.Kg3 Nd6
72.Ra5+ Kd4 73.Ra4+ Nc4 74.Ra1 Kd3 75.Ra8 Ke2 76.Ra2+ Nd2 77.Rc2 Ra4 78.Rc8 Nf1+
79.Kg2 Ne3+ 80.Kh3 Rg4 81.Re8 Rg7 82.Kh4 Kf3 83.Ra8 Ng2+ 84.Kh5 Nf4+ 85.Kh6 Rg6+
86.Kh7 Rg1 87.Ra3+ Ke4 88.Ra8 Nd5 89.Ra2 Kf5 90.Rc2 Ke5 91.Ra2  1/2-1/2

[Event "Wch U20 Girls"]
[Site "Halle"]
[Date "1995.??.??"]
[Round "10"]
[White "Milasiute, Vygante"]
[Black "Khegai, Angela"]
[Result "1-0"]
[WhiteElo "2070"]
[BlackElo "2025"]

1.e4 d6 2.d4 g6 3.Nc3 Bg7 4.Be3 c6 5.g3 Nd7 6.Bg2 e5 7.Nge2 Ngf6 8.h3 O-O
9.Qd2 Re8 10.O-O Nf8 11.Rad1 Qe7 12.f4 exf4 13.Nxf4 Nxe4 14.Nxe4 d5 15.Nxd5 cxd5
16.Bg5 Qc7 17.Nf6+ Bxf6 18.Bxf6 Qxg3 19.Be5 Qh4 20.Bxd5 Ne6 21.Qf2 Qxf2+
22.Rxf2 Ng5 23.Kh2 Bxh3 24.Bxb7 Bg4 25.Bxa8 Bxd1 26.Bd5 Bg4 27.c4 Be6 28.Bc6 Rc8
29.d5 Bf5 30.b4 h5 31.c5 Ne4 32.Rxf5 gxf5 33.Bd7 Rf8 34.c6 f6 35.Bf4 Nc3
36.Be6+ Kg7 37.d6 Ne2 38.c7 Nxf4 39.d7 Nxe6 40.c8=Q Rd8 41.Qa6 Kf7 42.Qxa7 Ke7
43.a4 Rxd7 44.Qf2 Rd4 45.Qe1 Re4 46.Qc3 Re2+ 47.Kg1 f4 48.b5 Re3 49.Qb4+ Kf7
50.b6 Rg3+ 51.Kf2 Rg8 52.b7 Rb8 53.a5 h4 54.a6 h3 55.a7  1-0

[Event "Wch U20 Girls"]
[Site "Halle"]
[Date "1995.??.??"]
[Round "11"]
[White "Majigsuren, Dovdon"]
[Black "Kiseleva, Natalia"]
[Result "1-0"]
[WhiteElo "2155"]
[BlackElo "2260"]

1.e4 g6 2.d4 Bg7 3.Nc3 d6 4.f4 a6 5.a4 b6 6.Nf3 Bb7 7.Bd3 Nd7 8.O-O c5 9.d5 Qc7
10.Qe2 Nh6 11.Bc4 O-O 12.h3 Kh8 13.Ng5 Rfe8 14.Bd2 Nf8 15.Rae1 e6 16.Qd3 Qd7
17.b3 Re7 18.Kh1 Bc8 19.dxe6 fxe6 20.f5 exf5 21.Nd5 fxe4 22.Nxe4 Re5 23.Nxb6 Qc6
24.Bd5 Qxb6 25.Bxa8 Nf5 26.Bd5 Ne6 27.Ng5 Nxg5 28.Bxg5 Bb7 29.Bxb7 Qxb7 30.Bf4 Rxe1
31.Rxe1 h6 32.Bxd6 Qb4 33.Re2 Bd4 34.Be5+ Kh7 35.Bxd4 cxd4 36.Kg1 Qd6 37.c3 dxc3
38.Qxd6 Nxd6 39.Rc2 Ne4 40.Kf1 Kg7 41.Ke2 Kf6 42.Kd3  1-0